| 000 | 00406nam a2200121Ia 4500 | ||
|---|---|---|---|
| 008 | 220615s9999||||xx |||||||||||||| ||und|| | ||
| 100 | _aIbrokhim Y. Abdurakhmonov | ||
| 245 | 0 | _aPlant Breeding | |
| 546 | _aEnglish[eng] | ||
| 650 | _aLife Sciences||Biotechnology||Genetics and Molecular Biology||Biochemistry||Bioorganic Chemistry | ||
| 856 | _uhttps://www.intechopen.com/books/plant-breeding | ||
| 942 | _cEB | ||
| 999 |
_c13524 _d13524 |
||